000 00765cam a22002295a 4500
001 L159725
008 150226s2017 xxk f 000 0 eng d
035 _a(Sirsi) u159725
041 0 _aeng
100 1 _aHooper, Brendon
_96168
245 0 0 _aIn the here and now
260 _c2017
490 _aModus
_vApril 2017, 32-33 (2)
520 _aReports on one the Olympic legacy project Here East, commercial space stretching across three buildings, which has been designed to act as a mixing pot where new and established businesses can collaborate.
590 _aKA
650 2 4 _aOLYMPIC GAMES 2012
650 2 4 _aMIXED-USE PROPERTY
651 4 _aLondon
690 _aBUILDING AND CONSTRUCTION-PROJECTS
690 _aCommercial property
_96227
942 _n0
999 _c84936
_d84936